Selected works of C. Rajagopalachari / (Record no. 90092)
[ view plain ]
| 000 -LEADER | |
|---|---|
| fixed length control field | 00921nam a22002777a 4500 |
| 005 - DATE AND TIME OF LATEST TRANSACTION | |
| control field | 20141128145708.0 |
| 010 ## - LCCN (DPL NO) | |
| LC control number | ENG-111251 |
| 020 ## - INTERNATIONAL STANDARD BOOK NUMBER | |
| International Standard Book Number | 9788125056133 |
| Terms of availability | 1225.00 |
| 035 ## - SYSTEM CONTROL NUMBER | |
| System control number | EN-94783 |
| 037 ## - SOURCE OF ACQUISITION | |
| Source of stock number/acquisition | DBAD/PUB |
| 082 ## - DEWEY DECIMAL CLASSIFICATION NUMBER | |
| Classification number | 954.035 |
| 100 ## - MAIN ENTRY--PERSONAL NAME | |
| Personal name | (Chakravarti), |
| Dates associated with a name | 1878-1972, |
| 245 ## - TITLE STATEMENT | |
| Title | Selected works of C. Rajagopalachari / |
| Statement of responsibility, etc | edited by Mahesh Rangarajan, N. Balakrishnan [and] Deepa Bhatnagar |
| 260 ## - PUBLICATION, DISTRIBUTION, ETC. (IMPRINT) | |
| Place of publication, distribution, etc | New Delhi |
| Name of publisher, distributor, etc | Orient Blackswan |
| Date of publication, distribution, etc | 2014 |
| 270 ## - ADDRESS | |
| Address | 1/24, Asaf Ali Road |
| City | New Delhi |
| Postal code | 110002 |
| 300 ## - PHYSICAL DESCRIPTION | |
| Extent | V.2(xiv, 511p.) |
| Dimensions | 25cm(Hb) |
| 500 ## - GENERAL NOTE | |
| General note | "Issued under the auspices of Nehru Memorial Museum and Library." |
| 500 ## - GENERAL NOTE | |
| General note | Includes index |
| 500 ## - GENERAL NOTE | |
| General note | Includes index |
| 505 ## - FORMATTED CONTENTS NOTE | |
| Formatted contents note | V.2-1921-22 |
| 600 ## - SUBJECT ADDED ENTRY--PERSONAL NAME | |
| Personal name | Rajagopalachari, C. |
| Dates associated with a name | 1878-1972. |
| 700 ## - ADDED ENTRY--PERSONAL NAME | |
| Personal name | Rangarajan, Mahesh |
| 700 ## - ADDED ENTRY--PERSONAL NAME | |
| Personal name | Balakrishnan, N. |
| 700 ## - ADDED ENTRY--PERSONAL NAME | |
| Personal name | Bhatanagar, Deepa |
| 942 ## - ADDED ENTRY ELEMENTS (KOHA) | |
| Source of classification or shelving scheme | Dewey Decimal Classification |
| Item type | English Books |
| Call number suffix | SEL |
| Classification part | 954.035 |
| Withdrawn status | Lost status | Materials specified (bound volume or other part) | Not for loan | Collection code | Home library | Current library | Date acquired | Source of acquisition | Cost, normal purchase price | Full call number | Barcode | Copy number | Cost, replacement price | Koha item type |
|---|---|---|---|---|---|---|---|---|---|---|---|---|---|---|
| v.2 | Not For Loan | Non-fiction | D.B.Act.Division | D.B.Act.Division | 17/11/2014 | DBAD/PUB | 1225.00 | 954.035 SEL | EN-94783 | 1 | 1225.00 | English Books |
